000 01748nam a22002777a 4500
999 _c62219
_d62219
003 Ge_BSU
005 20240802191525.0
008 240802s2024 ge ||||| |||| 00| 0 geo d
020 _a9789941337956
041 _ageo
080 _a613.4 კ-60
245 _aკლინიკური უნარების სწავლება მედიცინაში :
_b [მონოგრაფია] /
_cთინათინ გოგნაძე, ლარისა მელია, ლაშა დოლიძე, დავით მალიძე [და სხვა] ; სამეცნიერო რედაქტორი ნათია ჯოჯუა ;
264 _aთბილისი :
_bუნივერსალი,
_c2024.
300 _a374 გვ. :
_b სურ. ;
_c24 სმ.
500 _aგარეკანზე მხოლოდ სამი ავტორია მითითებული.
504 _aბიბლიოგრაფია: გვ. 369-373.
653 _aსამედიცინო ჰიგიენა.
653 _aსამედიცინო უნარები.
700 _aგოგნაძე, თინათინ
_923061
700 _aმელია, ლარისა
_911235
700 _aდოლიძე, ლაშა
_923062
700 _aმალიძე, დავით
_e [და სხვა]
_923063
710 _aმონოგრაფია გამოიცა შოთა რუსთაველის საქართველოს ეროვნული სამეცნიერო ფონდის მხარდაჭერით
_923064
773 _tნაჩუქარი
942 _2udc
_cBK